000 00814naa a22002537u 4500
001 03196
003 HDC
007 cr bn ---aaaaa
008 210104t200809 xx 000 0 eng
040 _aHDC
245 0 _aSabinsa ingredients gain halal status
260 _a[No Place] :
_b[publisher not identified],
_c2008
300 _a2 pages
336 _atext
_2rdacontent
337 _acomputer
_2rdamedia
338 _aonline resource
_2rdacarrier
650 _aHalal food industry
_9128
650 _aHalal food industry
_xCertification
_9415
650 _aHalal food
_950
856 _zRequest full-text at [email protected]
942 _2lcc
942 _cEIJ
942 _kEMAG 000191
999 _c582
_d582